000 00211 a2200097 4500
001 14553
100 _aMcGregor D
245 _aLeadership motivation
260 _aLondon
_bM.I.T press
_c
090 _c11382
_d11382
942 _aNUST-CAE
_cM
_c1539
999 _c249626
_d249626